| 000 | 00755nam a22001937a 4500 | ||
|---|---|---|---|
| 999 |
_c194075 _d194075 |
||
| 005 | 20230116145953.0 | ||
| 010 | _aB-747697-708 E.N.A./7.11.22 | ||
| 020 |
_a9789384761479 _c325.00 |
||
| 035 | _aB-747697-708 | ||
| 037 | _bAdhunik | ||
| 082 | _a510 | ||
| 100 | _aRishikesh Kumar | ||
| 245 |
_aLucent's complete mathematics part-1 / _c by Rishikesh Kumar |
||
| 260 |
_aPatna _bLucent Publication _c2020 |
||
| 270 |
_aNew Bypass Road, Ashochak _bPatna (Bihar) _e0612 2344915 |
||
| 300 |
_a1002p. _c21cm(pbk) |
||
| 942 |
_2ddc _cEN _mRIS _h510 |
||